00506nam a2200145Ia 4500008004100000082001700041100003000058245001900088260004200107300001000149600001500159942000700174952016200181999001700343250527s9999 xx 000 0 und d a891.4391 AMR aAmrohvi, Khurshid Khawar  0aChiragh e Arzo aKarachi:bBazm e tazeen e Adab,c1999 a224p. aLiterature cGB 00104070aUITUbUITUcGIFd2025-05-26eGifted by Ms. Nasreen Naqvil0o891.4391 AMRpG113r2025-05-27 11:52:22w2025-05-27yGBzGifted by Ms. Nasreen Naqvi c31279d31279